Loading...
Muhurtha Padavi
| Main Author: | |
|---|---|
| Format: | Printed Book |
| Language: | Malayalam |
| Published: |
Mangalodayam
Mangalodayam
1087
|
| LEADER | 00416nam a2200121Ia 4500 | ||
|---|---|---|---|
| 008 | 111205s9999 xx 000 0 mal d | ||
| 100 | |a Mathur Namboodirippadu | ||
| 245 | |a Muhurtha Padavi |c Mathur Namboodirippadu | ||
| 260 | |b Mangalodayam |a Mangalodayam |c 1087 | ||
| 300 | |a 368 | ||
| 942 | |c BK | ||
| 999 | |c 214865 |d 214865 | ||
| 952 | |0 0 |1 0 |2 ddc |4 0 |6 S_13R1 |7 0 |9 237572 |a MAL |b MAL |c SEC |d 1990-07-17 |g 2.00 |l 0 |o S13R1 |p MAL11975 |r 2011-12-05 |v 2.00 |y BK | ||